<?xml version="1.0" encoding="UTF-8"?>
<record
    xmlns:xsi="http://www.w3.org/2001/XMLSchema-instance"
    xsi:schemaLocation="http://www.loc.gov/MARC21/slim http://www.loc.gov/standards/marcxml/schema/MARC21slim.xsd"
    xmlns="http://www.loc.gov/MARC21/slim">

  <leader>02140nam a2200313   4500</leader>
  <controlfield tag="001">113463</controlfield>
  <controlfield tag="003">DR-UNIBE</controlfield>
  <controlfield tag="005">20250428140620.0</controlfield>
  <controlfield tag="008">250421b2023    dr ||||| |||| 00| 0 spa d</controlfield>
  <datafield tag="020" ind1=" " ind2=" ">
    <subfield code="a">9789945250848</subfield>
  </datafield>
  <datafield tag="040" ind1=" " ind2=" ">
    <subfield code="a">BIBLIOTECA UNIBE</subfield>
    <subfield code="c">BIBLIOTECA UNIBE</subfield>
    <subfield code="b">spa</subfield>
    <subfield code="e">rda</subfield>
  </datafield>
  <datafield tag="041" ind1=" " ind2=" ">
    <subfield code="a">spa</subfield>
  </datafield>
  <datafield tag="082" ind1=" " ind2=" ">
    <subfield code="2">22</subfield>
    <subfield code="a">RD 339.4707293 S232c</subfield>
  </datafield>
  <datafield tag="100" ind1="1" ind2="0">
    <subfield code="a">Santana L&#xF3;pez, Isidoro</subfield>
    <subfield code="e">autor</subfield>
    <subfield code="9">56113</subfield>
  </datafield>
  <datafield tag="245" ind1="1" ind2="0">
    <subfield code="a">Consumo familiar, desaf&#xED;os fiscales y la econom&#xED;a en un mundo convulso / </subfield>
    <subfield code="c">Isidoro Santana ; cuidado de edici&#xF3;n: Aimara Vera ; dise&#xF1;o y diagramaci&#xF3;n: Pia Menicucci &amp; Asociados : fotograf&#xED;a de cubierta: Andrzej Rostek, Stockphoto</subfield>
  </datafield>
  <datafield tag="260" ind1=" " ind2=" ">
    <subfield code="a">Santo Domingo :</subfield>
    <subfield code="b"> Archivo General de la Naci&#xF3;n (AGN),</subfield>
    <subfield code="c">2023</subfield>
  </datafield>
  <datafield tag="300" ind1=" " ind2=" ">
    <subfield code="a">282 p&#xE1;ginas : </subfield>
    <subfield code="b">gr&#xE1;ficos a color ;</subfield>
    <subfield code="c">22 x 15 cm</subfield>
  </datafield>
  <datafield tag="490" ind1=" " ind2=" ">
    <subfield code="a">Archivo General de la Naci&#xF3;n ; </subfield>
    <subfield code="v">502</subfield>
  </datafield>
  <datafield tag="500" ind1=" " ind2=" ">
    <subfield code="a">Informaci&#xF3;n del autor en las solapas</subfield>
  </datafield>
  <datafield tag="505" ind1=" " ind2=" ">
    <subfield code="a">Pr&#xF3;logo |
Parte I. La canasta de consumo de los hogares dominicanos, su evoluci&#xF3;n hist&#xF3;rica y posibles cambios derivados de la pandemia COVID-19 |
Parte II. Los grandes desaf&#xED;os de la econom&#xED;a dominicana |
Parte III. &#xBF;Qui&#xE9;n va a pagar la cuneta de la seguridad social? |
Parte IV. &#xBF;Por qu&#xE9; las sociedades gastan m&#xE1;s que antes en bienes p&#xFA;blicos? |
Parte V. El contrato social dominicano |
Parte VI. La econom&#xED;a en un mundo convulso |
Parte VII. Desencuentros de la Union Europea  con Am&#xE9;rica Latina |
Parte VIII. Hait&#xED; y la Rep&#xFA;blica Dominicana |
Parte IX. Presentaci&#xF3;n de la Segunda Encuesta Nacional de Inmigrantes (ENI-2017) |
Parte X. La sobrevaluaci&#xF3;n del peso dominicano y la enfermedad holandesa de la econom&#xED;a |
Bibliograf&#xED;a</subfield>
  </datafield>
  <datafield tag="650" ind1=" " ind2="7">
    <subfield code="2">lemb</subfield>
    <subfield code="a">Costos y nivel de vida </subfield>
    <subfield code="x">Gastos (consumo)</subfield>
    <subfield code="9">194623</subfield>
  </datafield>
  <datafield tag="650" ind1=" " ind2="7">
    <subfield code="2">lemb</subfield>
    <subfield code="a">Presupuesto familiar</subfield>
    <subfield code="x">Gastos (cosumo)</subfield>
    <subfield code="9">194624</subfield>
  </datafield>
  <datafield tag="650" ind1=" " ind2="7">
    <subfield code="a"> Econom&#xED;a  </subfield>
    <subfield code="z">Rep&#xFA;blica Dominicana</subfield>
    <subfield code="9">1462</subfield>
  </datafield>
  <datafield tag="700" ind1="1" ind2="0">
    <subfield code="a">Vera River&#xF3;n, Aimara</subfield>
    <subfield code="9">99221</subfield>
    <subfield code="e">editor</subfield>
  </datafield>
  <datafield tag="700" ind1="1" ind2="0">
    <subfield code="a">Menicucci, Pia &amp; Asociados</subfield>
    <subfield code="9">194426</subfield>
    <subfield code="e">dise&#xF1;ador</subfield>
    <subfield code="e">diagramador</subfield>
  </datafield>
  <datafield tag="700" ind1="1" ind2="0">
    <subfield code="a">Rostek, Andrzej</subfield>
    <subfield code="9">194427</subfield>
    <subfield code="e">fot&#xF3;grafo de cubierta</subfield>
  </datafield>
  <datafield tag="710" ind1=" " ind2="0">
    <subfield code="a">Stockphoto</subfield>
    <subfield code="e">fotograf&#xED;a de cubierta</subfield>
    <subfield code="9">165298</subfield>
  </datafield>
  <datafield tag="942" ind1=" " ind2=" ">
    <subfield code="2">ddc</subfield>
    <subfield code="c">BK</subfield>
  </datafield>
  <datafield tag="999" ind1=" " ind2=" ">
    <subfield code="c">113463</subfield>
    <subfield code="d">113463</subfield>
  </datafield>
  <datafield tag="952" ind1=" " ind2=" ">
    <subfield code="0">0</subfield>
    <subfield code="1">0</subfield>
    <subfield code="2">ddc</subfield>
    <subfield code="7">0</subfield>
    <subfield code="8">GEN-RD</subfield>
    <subfield code="a">Principal</subfield>
    <subfield code="d">2025-04-28</subfield>
    <subfield code="l">0</subfield>
    <subfield code="o">RD 339.4707293 S232c</subfield>
    <subfield code="p">250456</subfield>
    <subfield code="r">2025-04-21 15:01:49</subfield>
    <subfield code="t">Ej. 1</subfield>
    <subfield code="w">2025-04-21</subfield>
    <subfield code="y">BK</subfield>
  </datafield>
  <datafield tag="952" ind1=" " ind2=" ">
    <subfield code="0">0</subfield>
    <subfield code="1">0</subfield>
    <subfield code="2">ddc</subfield>
    <subfield code="7">0</subfield>
    <subfield code="8">GEN-RD</subfield>
    <subfield code="a">Principal</subfield>
    <subfield code="d">2025-04-28</subfield>
    <subfield code="l">0</subfield>
    <subfield code="o">RD 339.4707293 S232c</subfield>
    <subfield code="p">250457</subfield>
    <subfield code="r">2025-04-21 15:01:49</subfield>
    <subfield code="t">Ej. 2</subfield>
    <subfield code="w">2025-04-21</subfield>
    <subfield code="y">BK</subfield>
  </datafield>
</record>
